000 02012nam a2200397 a 4500
999 _c124825
_d124825
003 BLK
005 20250228095914.0
008 180409b bul|||||r ||||||| ||bul||
010 _aKNG00130493000
040 _aBLK
041 _aBUL
_cBUL
080 _aФренска литература
_b821.133.1
_x(081)
_z821.133.1(081)
080 _aФренска литература
_b821.133.1
_x-31
_z821.133.1-31
100 1 _aБалзак, Оноре дьо
_eпърви автор
_9376104
139 _aБалзак, Оноре дьо
_bБ 22
245 1 0 _aИзбрани творби
_bВ 10 т.
_cОноре дьо Балзак; предг. от Христо Тодоров; прев. на том Ерма Албертова Гечева; * Жанет Узунова; * Атанас Сугарев.
_nТ. 3
_pЙожени Гранде
257 _aFRA
260 _aСофия
_bНар. култура
_c1983 -
300 _c21 см
380 _aX
500 _aДруги ред. : Л. Стефанова, П. Пройкова. - 100 125 тир.
505 _tСтарата мома
505 _gРомани
_tМузей за антики
700 1 _aТодоров, Христо
_eпредг. от
_9364806
700 1 _aГечева, Ерма Албертова
_eпрев. на том
_9367512
700 1 _aУзунова, Жанет
_e*
_9377423
700 1 _aСугарев, Атанас
_e*
_9370152
760 1 _aБалзак, Оноре дьо
_d1983
_h477 с.
_nОриг. загл. Eugenie Grandet ; La vieille fille ; Le cabinet des antiques / Balzac. - Други прев. : Ж. Узунова, Ат. Сугарев. - В кн. означено 1. и 10. изд.
_tТ. 3 Йожени Гранде
852 _aЦб 120854
856 4 _qpdf
856 4 _qpdf
942 _cKNG
_n0
_03
_s1
944 _aCR
_c11.05.2012
_lГрета Цуфелде
_k30537
944 _aED
_c11.05.2012
_l11.05.2012 - от С1,Р / 11.05.2012
999 _d124825